000 00699nam a2200289Ia 4500
005 20260324133827.0
008 008 260324s9999 xx 000 0 eng d
020 _a9780203952658
037 _aEBOOK
040 _aCRL
040 _beng
040 _cCRL
041 _2eng
041 _aeng
084 _qCRL
100 _aJohn F. Cassidy
_91194547
245 0 _aJapanese Direct Investment in China
245 0 _bLocational Determinants and Characteristics
260 _bTaylor and Francis
260 _c2002
365 _a
365 _b230
856 _uhttp://www.taylorfrancis.com/books/9780203952658
942 _cEBOOK
999 _c1793986
_d1793986